100 most awesome things on the planet: prepare to be amazed! (Record no. 30597)
[ view plain ]
| 000 -LEADER | |
|---|---|
| fixed length control field | 01146nam a2200193 a 4500 |
| 008 - FIXED-LENGTH DATA ELEMENTS--GENERAL INFORMATION | |
| fixed length control field | 150316s2011 ||||||||||||||||| || u |
| 020 ## - INTERNATIONAL STANDARD BOOK NUMBER | |
| International Standard Book Number | 9780545268486 |
| 050 ## - LIBRARY OF CONGRESS CALL NUMBER | |
| Classification number | 031 CLA |
| 100 ## - MAIN ENTRY--PERSONAL NAME | |
| Personal name | Claybourne, Anna |
| 245 10 - TITLE STATEMENT | |
| Title | 100 most awesome things on the planet: prepare to be amazed! |
| Statement of responsibility, etc. | by Anna Claybourne |
| 260 ## - PUBLICATION, DISTRIBUTION, ETC. | |
| Place of publication, distribution, etc. | London: |
| Name of publisher, distributor, etc. | Scholastic Inc |
| Date of publication, distribution, etc. | 2011 |
| 300 ## - PHYSICAL DESCRIPTION | |
| Extent | 112p.: ill. |
| 650 ## - SUBJECT ADDED ENTRY--TOPICAL TERM | |
| Topical term or geographic name entry element | CURIOSITIES AND WONDERS |
| 995 ## - RECOMMENDATION 995 [LOCAL, UNIMARC FRANCE] | |
| -- | CBU-DAG HAMMARSKJOLD INSTITUTE LIBRARY |
| -- | 1 |
| -- | AVAILABLE |
| -- | Mar 16, 2015 |
| -- | American Collection |
| 995 ## - RECOMMENDATION 995 [LOCAL, UNIMARC FRANCE] | |
| -- | CBU-DAG HAMMARSKJOLD INSTITUTE LIBRARY |
| -- | 3 |
| -- | AVAILABLE |
| -- | Mar 16, 2015 |
| -- | American Collection |
| 995 ## - RECOMMENDATION 995 [LOCAL, UNIMARC FRANCE] | |
| -- | CBU-DAG HAMMARSKJOLD INSTITUTE LIBRARY |
| -- | 4 |
| -- | AVAILABLE |
| -- | Mar 16, 2015 |
| -- | American Collection |
| 995 ## - RECOMMENDATION 995 [LOCAL, UNIMARC FRANCE] | |
| -- | CBU-DAG HAMMARSKJOLD INSTITUTE LIBRARY |
| -- | 2 |
| -- | AVAILABLE |
| -- | Mar 16, 2015 |
| -- | American Collection |
| 995 ## - RECOMMENDATION 995 [LOCAL, UNIMARC FRANCE] | |
| -- | CBU-DAG HAMMARSKJOLD INSTITUTE LIBRARY |
| -- | 5 |
| -- | AVAILABLE |
| -- | Mar 16, 2015 |
| -- | American Collection |
No items available.